| 000 | 00935 a2200229 4500 | ||
|---|---|---|---|
| 003 | Nust | ||
| 005 | 20230124105037.0 | ||
| 010 | _a 2002071657 | ||
| 020 | _a817808622 | ||
| 040 | _cNust | ||
| 082 | 0 | 0 | _a384.5.SWA |
| 100 | 1 |
_aSwaminatha, Tara M. _9107520 |
|
| 245 | 1 | 0 |
_aWireless security and privacy : _bbest practices and design techniques / _cTara M. Swaminatha, Charles R. Elden ; [foreword by Gary McGraw]. |
| 260 |
_aBoston : _bAddison-Wesley, _cc2003. |
||
| 300 |
_axxvii, 276 p. : _bill. ; _c24 cm. |
||
| 505 | _aPart.1: Establish a Foundation (Page-3), Part.2: Know Your System (Page-39), Part.3: Protect Your System (Page-99), Part.4: I-ADD (Page-165). | ||
| 650 | 0 |
_aPrivacy, Right of. _96082 |
|
| 650 | 0 |
_aWireless communication systems _xDesign and construction. _9106210 |
|
| 650 | 0 |
_aWireless communication systems _xSecurity measures. _995061 |
|
| 700 | 1 |
_aElden, Charles R. _9107521 |
|
| 942 |
_2ddc _cBK _k384.5.SWA |
||
| 999 |
_c186300 _d186300 |
||